Symbolic computing with Lisp and prolog /

Salvato in:
Dettagli Bibliografici
Autori principali: Mueller, Robert A (Autore), Page, Rex L (Autore)
Natura: Libro
Lingua:inglese
Pubblicazione: New York : John Wiley & Sons, 1988
Tags: Aggiungi Tag
Nessun Tag, puoi essere il primo ad aggiungerne!!

MARC

LEADER 00000nam a22000003a 4500
001 stu1609
005 20190206124400.6
008 920515s1988----xxu-----------------eng-d
040 |a STU  |b slo 
041 0 |a eng 
044 |a xxu 
080 |a 519.683 
080 |a 519.76 
100 1 |a Mueller, Robert A  |4 aut 
245 1 |a Symbolic computing with Lisp and prolog /  |c [aut.] Mueller,Robert A.; Page,Rex L 
260 |a New York :  |b John Wiley & Sons,  |c 1988 
300 |a 469 s 
700 1 |a Page, Rex L  |4 aut 
996 |c I*17L4121  |l II680  |s A  |a 24  |w stu1609_0001